[Event "B"]
[Site "?"]
[Date "2017.08.05"]
[Round "7.4"]
[White "Kutylo, Konrad"]
[Black "Homza, Dominik"]
[Result "1/2-1/2"]
[BlackElo "1171"]
[WhiteElo "1422"]
[LiveChessVersion "1.4.8"]

1. d4 {[%clk 1:00:55]} e6 {[%clk 1:00:09]} 2. Nf3 {[%clk 1:01:16]} f5
{[%clk 1:00:28]} 3. c4 {[%clk 0:59:06]} Nf6 {[%clk 1:00:09]} 4. Nc3
{[%clk 0:59:10]} Bb4 {[%clk 0:59:31]} 5. Qc2 {[%clk 0:58:29]} b6 {[%clk 0:58:33]}
6. a3 {[%clk 0:57:43]} Be7 {[%clk 0:56:54]} 7. e3 {[%clk 0:55:15]} Bb7
{[%clk 0:57:11]} 8. Be2 {[%clk 0:55:17]} Nc6 {[%clk 0:57:12]} 9. b3
{[%clk 0:54:52]} O-O {[%clk 0:55:34]} 10. O-O {[%clk 0:55:06]} Qe8
{[%clk 0:55:22]} 11. Bb2 h6 {[%clk 0:54:31]} 12. e4 {[%clk 0:48:25]} f4
{[%clk 0:53:15]} 13. e5 {[%clk 0:45:59]} Nh5 {[%clk 0:52:26]} 14. Bd3
{[%clk 0:42:07]} Qd8 {[%clk 0:50:59]} 15. Bg6 {[%clk 0:42:05]} Nf6
{[%clk 0:50:34]} 16. exf6 {[%clk 0:42:21]} Bxf6 {[%clk 0:50:51]} 17. Rad1
{[%clk 0:35:21]} Ne7 {[%clk 0:50:19]} 18. Be4 {[%clk 0:34:59]} Bxe4
{[%clk 0:50:11]} 19. Nxe4 {[%clk 0:35:12]} Qe8 {[%clk 0:50:30]} 20. Nxf6+
{[%clk 0:35:06]} Rxf6 {[%clk 0:50:46]} 21. d5 {[%clk 0:35:09]} Rf8
{[%clk 0:50:48]} 22. dxe6 {[%clk 0:34:41]} dxe6 {[%clk 0:51:03]} 23. Qe4
{[%clk 0:33:59]} Nf5 {[%clk 0:48:30]} 24. Nd4 {[%clk 0:29:32]} Nd6
{[%clk 0:48:33]} 25. Qxe6+ {[%clk 0:29:49]} Qxe6 {[%clk 0:48:17]} 26. Nxe6
{[%clk 0:30:09]} Rf7 {[%clk 0:48:30]} 27. Nxc7 {[%clk 0:29:50]} Rxc7
{[%clk 0:48:47]} 28. Rxd6 {[%clk 0:30:12]} Rf8 {[%clk 0:49:08]} 29. Rfd1
{[%clk 0:29:55]} Rcf7 {[%clk 0:49:09]} 30. Rd8 {[%clk 0:29:58]} Rxd8
{[%clk 0:49:24]} 31. Rxd8+ {[%clk 0:30:25]} Rf8 {[%clk 0:49:47]} 32. Rxf8+
{[%clk 0:30:39]} Kxf8 {[%clk 0:50:11]} 33. Be5 {[%clk 0:31:04]} g5
{[%clk 0:50:30]} 34. Bb8 {[%clk 0:31:29]} a6 {[%clk 0:50:51]} 35. Bc7
{[%clk 0:31:45]} b5 {[%clk 0:51:11]} 36. cxb5 {[%clk 0:32:11]} axb5
{[%clk 0:51:34]} 37. a4 {[%clk 0:32:35]} bxa4 {[%clk 0:51:50]} 38. bxa4
{[%clk 0:33:00]} Ke8 {[%clk 0:52:01]} 39. Be5 {[%clk 0:33:13]} Kd7
{[%clk 0:52:19]} 40. Bg7 {[%clk 0:33:39]} h5 {[%clk 0:52:40]} 41. Bh6
{[%clk 0:34:02]} g4 {[%clk 0:52:51]} 42. Bxf4 {[%clk 0:34:23]} Kc6
{[%clk 0:53:19]} 43. a5 {[%clk 0:34:31]} Kb5 {[%clk 0:53:41]} 44. Bc7
{[%clk 0:34:51]} Kc6 {[%clk 0:53:46]} 45. Bb6 {[%clk 0:34:54]} Kb5
{[%clk 0:53:52]} 46. f3 {[%clk 0:35:14]} gxf3 {[%clk 0:53:53]} 47. gxf3
{[%clk 0:35:40]} Kc6 {[%clk 0:54:08]} 48. f4 {[%clk 0:36:03]} h4 {[%clk 0:54:34]}
49. f5 {[%clk 0:36:26]} h3 {[%clk 0:54:52]} 50. f6 {[%clk 0:36:49]} Kd7
{[%clk 0:55:17]} 51. a6 {[%clk 0:36:59]} Kc6 {[%clk 0:55:19]} 52. f7
{[%clk 0:37:16]} 1/2-1/2

[Event "B"]
[Site "?"]
[Date "2017.08.05"]
[Round "8.1"]
[White "Tomicki, Marek"]
[Black "Biveynis, Alexander"]
[Result "1/2-1/2"]
[BlackElo "1203"]
[WhiteElo "1649"]
[LiveChessVersion "1.4.8"]

1. e4 {[%clk 1:00:57]} c5 {[%clk 1:00:52]} 2. Nf3 {[%clk 1:01:14]} d6
{[%clk 1:01:14]} 3. d4 {[%clk 1:01:36]} cxd4 {[%clk 1:01:36]} 4. Nxd4
{[%clk 1:01:58]} Nf6 {[%clk 1:01:44]} 5. Nc3 {[%clk 1:02:20]} g6 {[%clk 1:02:01]}
6. Be3 {[%clk 1:01:41]} Bg7 {[%clk 1:02:18]} 7. Be2 {[%clk 1:01:44]} O-O
{[%clk 1:02:28]} 8. O-O {[%clk 1:01:41]} a6 {[%clk 1:02:06]} 9. Kh1
{[%clk 0:59:43]} Nbd7 {[%clk 1:01:31]} 10. f3 {[%clk 0:58:27]} b5
{[%clk 1:01:17]} 11. a3 {[%clk 0:58:45]} Bb7 {[%clk 1:01:13]} 12. Qd2
{[%clk 0:56:47]} Qc7 {[%clk 1:00:33]} 13. Bh6 {[%clk 0:51:46]} Ne5
{[%clk 0:59:59]} 14. Bxg7 {[%clk 0:51:28]} Kxg7 {[%clk 1:00:08]} 15. Rad1
{[%clk 0:44:27]} Rac8 {[%clk 0:58:58]} 16. Nb1 {[%clk 0:38:49]} Qb6
{[%clk 0:43:57]} 17. c3 {[%clk 0:37:08]} Rc7 {[%clk 0:43:34]} 18. Qe3
{[%clk 0:16:55]} Kg8 {[%clk 0:41:01]} 19. b3 {[%clk 0:13:10]} Rfc8
{[%clk 0:38:56]} 20. f4 {[%clk 0:12:22]} Neg4 {[%clk 0:30:11]} 21. Qg3
{[%clk 0:11:10]} Nh6 {[%clk 0:21:59]} 22. e5 {[%clk 0:10:23]} Ne4
{[%clk 0:20:08]} 23. Qh4 {[%clk 0:10:00]} Kg7 {[%clk 0:18:04]} 24. exd6
{[%clk 0:09:14]} Nxd6 {[%clk 0:15:17]} 25. Bd3 {[%clk 0:07:20]} Rc5
{[%clk 0:12:46]} 26. Qxe7 {[%clk 0:07:12]} Ndf5 {[%clk 0:11:42]} 27. Nxf5+
{[%clk 0:06:36]} Nxf5 {[%clk 0:11:55]} 28. Bxf5 {[%clk 0:06:36]} Rxf5
{[%clk 0:11:59]} 29. Qd6 {[%clk 0:06:14]} Rc6 {[%clk 0:09:24]} 30. Qd4+
{[%clk 0:05:49]} 1/2-1/2

[Event "B"]
[Site "?"]
[Date "2017.08.05"]
[Round "8.2"]
[White "Kutylo, Konrad"]
[Black "Retz, Adrian"]
[Result "1/2-1/2"]
[BlackElo "1231"]
[WhiteElo "1422"]
[LiveChessVersion "1.4.8"]

1. d4 {[%clk 1:00:57]} Nf6 {[%clk 1:00:52]} 2. Nf3 {[%clk 1:01:17]} g6
{[%clk 0:59:02]} 3. c4 {[%clk 1:01:07]} c5 {[%clk 0:55:51]} 4. e3
{[%clk 0:56:35]} Bg7 {[%clk 0:52:53]} 5. Nc3 {[%clk 0:56:32]} d6 {[%clk 0:41:10]}
6. dxc5 {[%clk 0:53:48]} dxc5 {[%clk 0:41:21]} 7. Qxd8+ {[%clk 0:53:43]} Kxd8
{[%clk 0:41:34]} 8. Ng5 {[%clk 0:53:14]} Ke8 {[%clk 0:40:15]} 9. Nb5
{[%clk 0:50:27]} Na6 {[%clk 0:39:46]} 10. Be2 {[%clk 0:48:49]} h6
{[%clk 0:39:53]} 11. Nf3 {[%clk 0:48:52]} Bd7 {[%clk 0:38:39]} 12. Na3
{[%clk 0:44:45]} e6 {[%clk 0:35:47]} 13. O-O {[%clk 0:44:11]} Ke7
{[%clk 0:35:27]} 14. Rb1 {[%clk 0:42:05]} Nb4 {[%clk 0:34:02]} 15. Ra1
{[%clk 0:41:46]} Rhd8 {[%clk 0:32:27]} 16. Bd2 {[%clk 0:35:20]} Ne4
{[%clk 0:26:36]} 17. Bxb4 {[%clk 0:28:51]} cxb4 {[%clk 0:26:25]} 18. Nc2
{[%clk 0:26:56]} Bxb2 {[%clk 0:24:37]} 19. Rab1 {[%clk 0:26:59]} Bg7
{[%clk 0:24:03]} 20. Rxb4 {[%clk 0:22:50]} Bc6 {[%clk 0:21:42]} 21. Ncd4
{[%clk 0:16:49]} Nc3 {[%clk 0:15:20]} 22. Rb2 {[%clk 0:14:02]} Nxe2+
{[%clk 0:14:38]} 23. Rxe2 {[%clk 0:14:13]} Rac8 {[%clk 0:14:14]} 24. Rc1
{[%clk 0:11:08]} Be4 {[%clk 0:13:13]} 25. Rb2 {[%clk 0:05:34]} b6
{[%clk 0:10:05]} 26. Rb4 {[%clk 0:05:37]} e5 27. Nb5 Bd3 1/2-1/2

[Event "B"]
[Site "?"]
[Date "2017.08.05"]
[Round "8.3"]
[White "Businski, Karol"]
[Black "Sivickis, Wiktoria"]
[Result "1/2-1/2"]
[BlackElo "1456"]
[WhiteElo "1401"]
[LiveChessVersion "1.4.8"]

1. e4 {[%clk 1:00:59]} c6 {[%clk 1:00:55]} 2. Nf3 {[%clk 1:00:57]} d5
{[%clk 1:01:18]} 3. exd5 {[%clk 1:01:24]} cxd5 {[%clk 1:01:40]} 4. d4
{[%clk 1:01:51]} g6 {[%clk 1:02:04]} 5. Bd3 {[%clk 1:02:17]} Bg7 {[%clk 1:02:28]}
6. O-O {[%clk 1:02:28]} Nf6 {[%clk 1:02:53]} 7. Re1 {[%clk 1:01:35]} O-O
{[%clk 1:03:01]} 8. Nbd2 {[%clk 0:59:55]} Nc6 {[%clk 1:03:07]} 9. c3
{[%clk 1:00:17]} a6 {[%clk 1:02:40]} 10. Nf1 {[%clk 1:00:22]} Re8
{[%clk 1:02:35]} 11. h3 {[%clk 0:54:35]} Qc7 {[%clk 0:59:00]} 12. Ng3
{[%clk 0:42:31]} e5 {[%clk 0:54:38]} 13. dxe5 {[%clk 0:41:55]} Nxe5
{[%clk 0:54:54]} 14. Bf4 {[%clk 0:40:05]} Nxf3+ {[%clk 0:52:03]} 15. Qxf3
{[%clk 0:40:32]} Qc6 {[%clk 0:52:04]} 16. Rxe8+ {[%clk 0:38:04]} Qxe8
{[%clk 0:48:52]} 17. Bg5 {[%clk 0:38:21]} Qe6 {[%clk 0:46:15]} 18. Qe2
{[%clk 0:33:19]} Bd7 {[%clk 0:41:42]} 19. Qxe6 {[%clk 0:32:20]} Bxe6
{[%clk 0:42:00]} 20. Be3 {[%clk 0:28:13]} Nd7 {[%clk 0:39:46]} 21. Ne2
{[%clk 0:27:40]} Ne5 {[%clk 0:39:06]} 22. Rd1 {[%clk 0:26:16]} Nc6
{[%clk 0:36:40]} 23. Bc2 {[%clk 0:23:57]} Rd8 {[%clk 0:35:11]} 24. Bb3
{[%clk 0:23:19]} Be5 {[%clk 0:28:51]} 25. Nd4 {[%clk 0:16:41]} Bxd4
{[%clk 0:26:09]} 26. Bxd4 {[%clk 0:17:02]} Rd7 {[%clk 0:25:59]} 27. Bf6
{[%clk 0:12:25]} Na5 {[%clk 0:24:09]} 28. Bc2 {[%clk 0:06:58]} Nc4
{[%clk 0:18:35]} 29. b3 {[%clk 0:07:26]} Nd6 {[%clk 0:18:47]} 30. a4
{[%clk 0:05:40]} Ne4 {[%clk 0:18:14]} 31. Bxe4 {[%clk 0:03:54]} dxe4 1/2-1/2

[Event "B"]
[Site "?"]
[Date "2017.08.05"]
[Round "8.4"]
[White "Sawicki, Wojciech"]
[Black "Olkuski, Tadeusz"]
[Result "1-0"]
[BlackElo "1346"]
[WhiteElo "1249"]
[LiveChessVersion "1.4.8"]

1. d4 {[%clk 1:00:55]} Nf6 {[%clk 1:00:52]} 2. c4 {[%clk 1:01:20]} e6
{[%clk 1:01:13]} 3. Nf3 {[%clk 1:01:37]} d5 {[%clk 1:00:26]} 4. g3
{[%clk 1:01:59]} Be7 {[%clk 0:59:40]} 5. Bg2 {[%clk 1:02:23]} O-O
{[%clk 1:00:00]} 6. O-O {[%clk 1:02:17]} c6 {[%clk 0:59:07]} 7. Nbd2
{[%clk 1:01:41]} Nbd7 {[%clk 0:57:53]} 8. Re1 {[%clk 1:01:40]} b6
{[%clk 0:55:45]} 9. e4 {[%clk 1:01:48]} dxe4 {[%clk 0:55:40]} 10. Nxe4
{[%clk 1:01:57]} Bb7 {[%clk 0:53:09]} 11. Bf4 {[%clk 1:01:04]} Nxe4
{[%clk 0:50:27]} 12. Rxe4 {[%clk 1:01:16]} Nf6 {[%clk 0:48:46]} 13. Re2
{[%clk 1:00:51]} Re8 {[%clk 0:41:58]} 14. Ne5 {[%clk 0:59:58]} Qc8
{[%clk 0:41:34]} 15. Rc1 {[%clk 0:57:06]} Nd7 {[%clk 0:38:09]} 16. d5
{[%clk 0:56:30]} Nxe5 {[%clk 0:37:12]} 17. Bxe5 {[%clk 0:56:12]} f6
{[%clk 0:34:52]} 18. d6 {[%clk 0:52:35]} Rd8 {[%clk 0:34:09]} 19. Rd2
{[%clk 0:51:29]} fxe5 {[%clk 0:33:43]} 20. dxe7 {[%clk 0:51:00]} Rxd2
{[%clk 0:34:00]} 21. Qxd2 {[%clk 0:50:49]} Qc7 {[%clk 0:32:45]} 22. Rd1
{[%clk 0:46:50]} Qxe7 {[%clk 0:30:39]} 23. Qd6 {[%clk 0:46:44]} Qxd6
{[%clk 0:28:13]} 24. Rxd6 {[%clk 0:47:05]} Re8 {[%clk 0:24:44]} 25. Rd7
{[%clk 0:45:04]} Bc8 {[%clk 0:19:03]} 26. Rxa7 {[%clk 0:44:04]} c5
{[%clk 0:18:19]} 27. Bc6 {[%clk 0:40:32]} Rd8 {[%clk 0:17:26]} 28. Ra8
{[%clk 0:39:53]} Kf8 {[%clk 0:16:42]} 29. Bb7 {[%clk 0:38:43]} Ke7
{[%clk 0:09:58]} 30. Rxc8 {[%clk 0:38:36]} Rd1+ {[%clk 0:10:20]} 31. Kg2
{[%clk 0:38:52]} Rd2 {[%clk 0:10:42]} 32. b3 {[%clk 0:38:17]} Rxa2
{[%clk 0:11:04]} 33. Bc6 {[%clk 0:38:28]} Rb2 {[%clk 0:10:47]} 34. Ba4
{[%clk 0:38:25]} e4 {[%clk 0:10:56]} 35. Re8+ {[%clk 0:38:04]} Kf7
{[%clk 0:10:52]} 36. Rd8 {[%clk 0:37:35]} e3 {[%clk 0:10:55]} 37. Rd1
{[%clk 0:37:10]} Rxf2+ {[%clk 0:09:07]} 38. Kg1 {[%clk 0:36:53]} Rb2
{[%clk 0:08:24]} 39. Re1 {[%clk 0:36:58]} Kf6 {[%clk 0:06:27]} 40. Rxe3
{[%clk 0:36:57]} Rb1+ {[%clk 0:06:50]} 41. Kf2 {[%clk 0:37:16]} Rb2+
{[%clk 0:06:50]} 42. Re2 {[%clk 0:37:14]} Rb1 {[%clk 0:07:16]} 43. Kf3
{[%clk 0:36:56]} h5 {[%clk 0:07:10]} 44. Re3 {[%clk 0:36:49]} Rb2
{[%clk 0:05:22]} 45. h3 {[%clk 0:36:30]} Rb1 {[%clk 0:04:32]} 46. Bd7
{[%clk 0:35:51]} e5 {[%clk 0:04:31]} 47. Bc6 {[%clk 0:35:22]} Rd1
{[%clk 0:03:31]} 48. Be8 {[%clk 0:34:31]} g6 {[%clk 0:03:23]} 49. h4
{[%clk 0:34:12]} Rd6 {[%clk 0:03:36]} 50. g4 {[%clk 0:33:29]} hxg4+
{[%clk 0:04:02]} 51. Kxg4 {[%clk 0:33:42]} Rd4+ {[%clk 0:04:16]} 52. Kg3
{[%clk 0:33:54]} Rd8 {[%clk 0:04:25]} 53. Bc6 {[%clk 0:34:00]} Rd6
{[%clk 0:04:46]} 54. Bd5 {[%clk 0:34:19]} b5 {[%clk 0:05:07]} 55. Rf3+
{[%clk 0:33:49]} Ke7 {[%clk 0:04:12]} 56. Rf7+ {[%clk 0:33:31]} Kd8
{[%clk 0:03:37]} 57. Rb7 {[%clk 0:33:15]} bxc4 {[%clk 0:04:01]} 58. bxc4
{[%clk 0:33:40]} Ra6 {[%clk 0:03:06]} 59. Rb3 {[%clk 0:33:36]} Ra1
{[%clk 0:02:48]} 60. Re3 {[%clk 0:33:20]} Rg1+ {[%clk 0:02:31]} 61. Kh2
{[%clk 0:32:54]} Rg4 {[%clk 0:02:34]} 62. Re4 {[%clk 0:33:09]} 1-0

[Event "B"]
[Site "?"]
[Date "2017.08.05"]
[Round "9.1"]
[White "Sawicki, Wojciech"]
[Black "Tomicki, Marek"]
[Result "1/2-1/2"]
[BlackElo "1649"]
[WhiteElo "1249"]
[LiveChessVersion "1.4.8"]

1. d4 {[%clk 1:00:53]} d5 {[%clk 1:00:55]} 2. c4 {[%clk 1:01:19]} e6
{[%clk 1:01:18]} 3. g3 {[%clk 1:01:44]} Nf6 {[%clk 1:01:06]} 4. Nf3
{[%clk 1:01:57]} Nbd7 {[%clk 0:59:35]} 5. Bg2 {[%clk 1:01:59]} Be7
{[%clk 0:57:42]} 6. O-O {[%clk 1:02:19]} c5 {[%clk 0:57:24]} 7. cxd5
{[%clk 0:59:38]} exd5 {[%clk 0:55:53]} 8. Ne5 {[%clk 0:57:21]} O-O
{[%clk 0:51:43]} 9. Nc3 {[%clk 0:55:27]} Nb6 {[%clk 0:48:31]} 10. dxc5
{[%clk 0:51:12]} Bxc5 {[%clk 0:48:52]} 11. Bg5 {[%clk 0:50:07]} h6
{[%clk 0:45:20]} 12. Bxf6 {[%clk 0:50:06]} Qxf6 {[%clk 0:44:01]} 13. Nd3
{[%clk 0:48:59]} Bd4 {[%clk 0:43:16]} 14. Nxd5 {[%clk 0:47:59]} Nxd5
{[%clk 0:40:49]} 15. Bxd5 {[%clk 0:47:52]} Bh3 {[%clk 0:37:06]} 16. Bg2
{[%clk 0:47:28]} Bxg2 {[%clk 0:37:09]} 17. Kxg2 {[%clk 0:47:49]} Bxb2
{[%clk 0:37:02]} 18. Rb1 {[%clk 0:48:01]} Bd4 {[%clk 0:36:46]} 19. Kg1
{[%clk 0:47:40]} b6 {[%clk 0:34:47]} 20. Nf4 {[%clk 0:40:43]} Rad8
{[%clk 0:32:24]} 21. Qa4 {[%clk 0:39:56]} a5 {[%clk 0:31:35]} 22. Qb5
{[%clk 0:38:11]} Rd6 {[%clk 0:22:50]} 23. e3 {[%clk 0:34:15]} Bc5
{[%clk 0:16:48]} 24. Nd3 {[%clk 0:32:44]} Rc8 {[%clk 0:15:28]} 25. e4
{[%clk 0:26:16]} Qd4 {[%clk 0:12:30]} 26. Nxc5 {[%clk 0:22:20]} Rxc5
{[%clk 0:12:28]} 27. Qe8+ {[%clk 0:21:25]} Kh7 {[%clk 0:12:56]} 28. Qxf7
{[%clk 0:21:16]} Qxe4 {[%clk 0:13:13]} 29. Qb3 {[%clk 0:20:02]} Rc2
{[%clk 0:12:17]} 30. Rb2 {[%clk 0:16:18]} Rdd2 {[%clk 0:11:11]} 31. Rxc2
{[%clk 0:15:25]} Qxc2 {[%clk 0:11:27]} 32. Qxb6 {[%clk 0:15:15]} Qxa2
{[%clk 0:11:40]} 33. Qb1+ {[%clk 0:14:09]} Qxb1 {[%clk 0:11:52]} 34. Rxb1
{[%clk 0:14:33]} Ra2 {[%clk 0:12:02]} 35. Rb6 {[%clk 0:14:24]} a4
{[%clk 0:12:01]} 36. Ra6 {[%clk 0:14:45]} a3 {[%clk 0:12:11]} 37. Kg2
{[%clk 0:15:03]} Ra1 {[%clk 0:11:49]} 38. h3 {[%clk 0:15:00]} a2 {[%clk 0:12:12]}
39. h4 {[%clk 0:15:03]} Kg8 {[%clk 0:12:28]} 40. g4 {[%clk 0:14:56]} Kf7
{[%clk 0:12:24]} 41. Kf3 {[%clk 0:15:08]} Ke7 {[%clk 0:11:44]} 42. Kf4
{[%clk 0:15:03]} g6 {[%clk 0:11:15]} 43. h5 {[%clk 0:14:06]} gxh5
{[%clk 0:08:57]} 44. gxh5 {[%clk 0:14:22]} Rh1 {[%clk 0:08:52]} 1/2-1/2

[Event "B"]
[Site "?"]
[Date "2017.08.05"]
[Round "9.2"]
[White "Sivickis, Wiktoria"]
[Black "Kutylo, Konrad"]
[Result "1-0"]
[BlackElo "1422"]
[WhiteElo "1456"]
[LiveChessVersion "1.4.8"]

1. d4 {[%clk 1:00:56]} d5 {[%clk 1:00:54]} 2. Bf4 {[%clk 1:01:21]} e6
{[%clk 1:01:08]} 3. Nf3 {[%clk 1:01:46]} Bd6 {[%clk 1:01:32]} 4. Bg3
{[%clk 1:02:08]} Nf6 {[%clk 1:01:50]} 5. e3 {[%clk 1:02:18]} c6 {[%clk 1:02:00]}
6. Nbd2 {[%clk 1:02:38]} Qc7 {[%clk 1:01:13]} 7. Bd3 {[%clk 1:00:44]} Nbd7
{[%clk 1:00:48]} 8. c4 {[%clk 1:00:44]} O-O {[%clk 1:00:05]} 9. O-O
{[%clk 1:00:03]} Re8 {[%clk 0:59:42]} 10. Bxd6 {[%clk 0:58:28]} Qxd6
{[%clk 0:59:52]} 11. c5 {[%clk 0:58:28]} Qc7 {[%clk 1:00:13]} 12. b4
{[%clk 0:56:21]} e5 {[%clk 1:00:09]} 13. dxe5 {[%clk 0:56:23]} Nxe5
{[%clk 1:00:25]} 14. Nxe5 {[%clk 0:56:46]} Qxe5 {[%clk 1:00:37]} 15. Nf3
{[%clk 0:56:54]} Qe7 {[%clk 0:59:45]} 16. Rc1 {[%clk 0:56:40]} Bg4
{[%clk 0:58:46]} 17. Be2 {[%clk 0:56:31]} Rad8 {[%clk 0:55:00]} 18. Nd4
{[%clk 0:56:07]} Bxe2 {[%clk 0:54:15]} 19. Qxe2 {[%clk 0:56:30]} a6
{[%clk 0:52:06]} 20. a4 {[%clk 0:56:24]} Rc8 {[%clk 0:49:42]} 21. Nf5
{[%clk 0:56:14]} Qe4 {[%clk 0:47:59]} 22. Nd6 {[%clk 0:55:08]} Qxb4
{[%clk 0:48:22]} 23. Nxc8 {[%clk 0:55:12]} Rxc8 {[%clk 0:48:44]} 24. Qc2
{[%clk 0:55:30]} Ne4 {[%clk 0:48:05]} 25. Rfd1 {[%clk 0:54:50]} Rb8
{[%clk 0:47:24]} 26. Rd4 {[%clk 0:53:56]} Qa5 {[%clk 0:47:36]} 27. f3
{[%clk 0:52:23]} Nf6 {[%clk 0:47:35]} 28. Qc3 {[%clk 0:51:12]} Qc7
{[%clk 0:47:28]} 29. Rb4 {[%clk 0:50:27]} Nd7 {[%clk 0:46:43]} 30. Rcb1
{[%clk 0:50:27]} h6 {[%clk 0:46:15]} 31. Qd4 {[%clk 0:49:34]} Kf8
{[%clk 0:45:15]} 32. e4 {[%clk 0:49:43]} dxe4 {[%clk 0:43:26]} 33. fxe4
{[%clk 0:50:05]} f6 {[%clk 0:41:02]} 34. Rd1 {[%clk 0:48:28]} Ke7
{[%clk 0:41:06]} 35. Rb3 {[%clk 0:46:28]} Ke8 {[%clk 0:38:57]} 36. Qc4
{[%clk 0:44:51]} Ke7 {[%clk 0:38:13]} 37. Rg3 {[%clk 0:44:05]} g5
{[%clk 0:37:01]} 38. Rd6 {[%clk 0:41:14]} Nxc5 {[%clk 0:35:36]} 39. Rgd3
{[%clk 0:40:16]} Qxd6 {[%clk 0:30:34]} 40. Rxd6 {[%clk 0:40:40]} Kxd6
{[%clk 0:31:00]} 41. Qd4+ {[%clk 0:41:02]} Ke6 {[%clk 0:29:37]} 42. Qxc5
{[%clk 0:41:26]} Rd8 {[%clk 0:26:17]} 43. Qf5+ {[%clk 0:41:47]} Kd6
{[%clk 0:24:43]} 44. Qxf6+ {[%clk 0:42:09]} Kc7 {[%clk 0:24:57]} 45. e5
{[%clk 0:42:11]} c5 {[%clk 0:24:51]} 46. Qe7+ {[%clk 0:42:24]} 1-0

[Event "B"]
[Site "?"]
[Date "2017.08.05"]
[Round "9.3"]
[White "Biveynis, Alexander"]
[Black "Businski, Karol"]
[Result "0-1"]
[BlackElo "1401"]
[WhiteElo "1203"]
[LiveChessVersion "1.4.8"]

1. d4 {[%clk 1:00:56]} d5 {[%clk 1:00:58]} 2. Bf4 {[%clk 1:01:14]} Nf6
{[%clk 1:01:08]} 3. e3 {[%clk 1:01:24]} e6 {[%clk 1:01:36]} 4. Bd3
{[%clk 1:01:23]} Bd6 {[%clk 1:01:58]} 5. Bg3 {[%clk 1:01:23]} c5 {[%clk 0:46:22]}
6. c3 {[%clk 1:01:30]} c4 {[%clk 0:37:27]} 7. Be2 {[%clk 1:01:28]} Qb6
{[%clk 0:31:39]} 8. Qc2 {[%clk 1:00:00]} Qc7 {[%clk 0:30:28]} 9. f4
{[%clk 0:53:06]} Nbd7 {[%clk 0:29:28]} 10. Nf3 {[%clk 0:52:23]} Ng4
{[%clk 0:24:08]} 11. Qc1 {[%clk 0:51:15]} Qb6 {[%clk 0:20:21]} 12. Bf2
{[%clk 0:45:17]} Ndf6 {[%clk 0:19:48]} 13. Ne5 {[%clk 0:43:21]} Nxf2
{[%clk 0:17:23]} 14. Kxf2 {[%clk 0:43:15]} Ne4+ {[%clk 0:16:50]} 15. Ke1
{[%clk 0:41:35]} f6 {[%clk 0:17:14]} 16. Nf3 {[%clk 0:40:30]} Qc7
{[%clk 0:17:33]} 17. Nbd2 {[%clk 0:37:52]} Nxd2 {[%clk 0:18:01]} 18. Qxd2
{[%clk 0:37:05]} Bd7 {[%clk 0:18:26]} 19. Rf1 {[%clk 0:33:22]} Bc6
{[%clk 0:14:48]} 20. Qc2 {[%clk 0:29:07]} Qe7 {[%clk 0:13:05]} 21. b3
{[%clk 0:23:37]} b5 {[%clk 0:12:55]} 22. a4 {[%clk 0:20:49]} a6 {[%clk 0:12:30]}
23. axb5 {[%clk 0:20:58]} axb5 {[%clk 0:12:57]} 24. Rxa8+ {[%clk 0:21:02]} Bxa8
{[%clk 0:13:26]} 25. Kf2 {[%clk 0:21:03]} O-O {[%clk 0:13:11]} 26. Kg1
{[%clk 0:21:07]} Kh8 {[%clk 0:11:40]} 27. Ra1 {[%clk 0:19:18]} e5
{[%clk 0:11:10]} 28. dxe5 {[%clk 0:17:33]} fxe5 {[%clk 0:11:38]} 29. Nxe5
{[%clk 0:13:57]} Bxe5 {[%clk 0:12:05]} 30. fxe5 {[%clk 0:14:12]} Qxe5
{[%clk 0:12:05]} 31. Qd2 {[%clk 0:10:30]} b4 {[%clk 0:09:57]} 32. bxc4
{[%clk 0:08:31]} bxc3 {[%clk 0:10:25]} 33. Qd4 {[%clk 0:05:47]} Qxd4
{[%clk 0:09:00]} 34. exd4 {[%clk 0:06:03]} dxc4 {[%clk 0:05:52]} 35. Bxc4
{[%clk 0:06:12]} Rc8 {[%clk 0:05:07]} 36. Be6 {[%clk 0:03:58]} Rb8
{[%clk 0:04:16]} 37. Rc1 {[%clk 0:02:55]} Rb2 {[%clk 0:02:18]} 38. Rxc3
{[%clk 0:02:27]} Rxg2+ {[%clk 0:02:45]} 39. Kf1 {[%clk 0:02:38]} Bb7
{[%clk 0:03:01]} 40. Bd5 {[%clk 0:00:52]} Bxd5 {[%clk 0:03:11]} 41. Rc8+
{[%clk 0:01:05]} Bg8 {[%clk 0:03:39]} 42. d5 {[%clk 0:01:21]} Rd2
{[%clk 0:03:59]} 43. d6 {[%clk 0:00:37]} Rxd6 {[%clk 0:04:22]} 44. Kg2
{[%clk 0:00:56]} h6 {[%clk 0:04:34]} 45. Kg3 {[%clk 0:01:12]} Kh7
{[%clk 0:05:01]} 46. h4 {[%clk 0:01:19]} Rd1 {[%clk 0:05:16]} 47. h5
{[%clk 0:01:00]} Rh1 {[%clk 0:05:21]} 48. Kf4 {[%clk 0:01:08]} Rxh5
{[%clk 0:05:41]} 49. Rb8 {[%clk 0:01:09]} Rh1 {[%clk 0:05:46]} 50. Ra8
{[%clk 0:01:14]} Rg1 {[%clk 0:06:07]} 51. Ke5 {[%clk 0:01:31]} Rf1
{[%clk 0:06:06]} 52. Kd6 {[%clk 0:01:48]} h5 {[%clk 0:06:21]} 53. Ke7
{[%clk 0:01:55]} g6 {[%clk 0:06:30]} 54. Rb8 {[%clk 0:01:36]} Kg7
{[%clk 0:06:08]} 55. Rd8 {[%clk 0:01:21]} h4 {[%clk 0:06:30]} 56. Rd4
{[%clk 0:01:01]} h3 {[%clk 0:06:57]} 57. Rh4 {[%clk 0:01:10]} Rh1
{[%clk 0:07:25]} 58. Kd6 {[%clk 0:00:55]} h2 {[%clk 0:07:53]} 59. Rd4
{[%clk 0:01:01]} Rc1 {[%clk 0:08:06]} 60. Rh4 {[%clk 0:00:36]} h1=Q
{[%clk 0:08:31]} 61. Rd4 {[%clk 0:00:54]} Qc6+ {[%clk 0:08:52]} 62. Ke7
{[%clk 0:01:03]} Qe6+ {[%clk 0:09:09]} 63. Kd8 {[%clk 0:01:16]} Rc8#
{[%clk 0:09:30]} 0-1

[Event "B"]
[Site "?"]
[Date "2017.08.05"]
[Round "9.4"]
[White "Retz, Adrian"]
[Black "Sivickis, Andrejus"]
[Result "1-0"]
[BlackElo "1127"]
[WhiteElo "1231"]
[LiveChessVersion "1.4.8"]

1. e4 {[%clk 1:00:57]} d5 {[%clk 1:00:20]} 2. exd5 {[%clk 1:01:01]} Qxd5
{[%clk 1:00:43]} 3. Nc3 {[%clk 1:01:16]} Qa5 {[%clk 1:01:00]} 4. Nf3
{[%clk 0:59:34]} Nf6 {[%clk 1:01:14]} 5. Be2 {[%clk 0:58:38]} Bf5
{[%clk 1:01:08]} 6. O-O {[%clk 0:56:47]} e6 {[%clk 1:01:21]} 7. Nd4
{[%clk 0:48:15]} Bd6 {[%clk 0:56:10]} 8. Bb5+ {[%clk 0:40:23]} c6
{[%clk 0:43:12]} 9. Nxf5 {[%clk 0:39:39]} exf5 {[%clk 0:41:24]} 10. Re1+
{[%clk 0:39:06]} Be7 {[%clk 0:41:19]} 11. Qe2 {[%clk 0:37:49]} Qc7
{[%clk 0:39:44]} 12. b3 {[%clk 0:25:09]} cxb5 {[%clk 0:34:49]} 13. Nxb5 Qd8 14.
Ba3 Nc6 15. Nd6+ Kf8 {[%clk 0:30:33]} 16. Nxb7 1-0